Memoria del cine en Puebla : (Registro nro. 25328)
[ vista simple ]
| 000 -LEADER | |
|---|---|
| fixed length control field | 01849cam a2200385 i 4500 |
| 001 - CONTROL NUMBER | |
| control field | 25328 |
| 003 - CONTROL NUMBER IDENTIFIER | |
| control field | Mx-PuUPA |
| 005 - DATE AND TIME OF LATEST TRANSACTION | |
| control field | 20250922154400.0 |
| 008 - FIXED-LENGTH DATA ELEMENTS--GENERAL INFORMATION | |
| fixed length control field | 140415s2023 mx a gr 001 0 spa d |
| 020 ## - INTERNATIONAL STANDARD BOOK NUMBER | |
| International Standard Book Number | 9786078674831 |
| Qualifying information | rústica |
| 040 ## - CATALOGING SOURCE | |
| Original cataloging agency | Mx-PuUPA |
| Language of cataloging | spa |
| Transcribing agency | Mx-PuUPA |
| Modifying agency | Mx-PuUPA |
| Description conventions | rda |
| 041 0# - LANGUAGE CODE | |
| Language code of text/sound track or separate title | spa |
| 043 ## - GEOGRAPHIC AREA CODE | |
| Source of local code | mx-mxbn |
| Local GAC code | n-mx-pu |
| 110 2# - MAIN ENTRY--CORPORATE NAME | |
| Corporate name or jurisdiction name as entry element | Archivo General Municipal de Puebla (Puebla de Zaragoza, Mexico), |
| 9 (RLIN) | 17473 |
| Relator term | autor |
| 245 10 - TITLE STATEMENT | |
| Title | Memoria del cine en Puebla : |
| Remainder of title | de los años 20 a los 40 / |
| Statement of responsibility, etc. | Archivo General Municipal de Puebla, autor ; María Teresa Cordero Arce, prólogo ; María Fernanda Herrera Morales, introducción ; Rafael Aviña, Silvestre Javier López Portillo V. [y otros diez], autores |
| 250 ## - EDITION STATEMENT | |
| Edition statement | Primera edición / |
| Remainder of edition statement | noviembre |
| 264 #1 - PRODUCTION, PUBLICATION, DISTRIBUTION, MANUFACTURE, AND COPYRIGHT NOTICE | |
| Place of production, publication, distribution, manufacture | Puebla, México : |
| Name of producer, publisher, distributor, manufacturer | Honorable Ayuntamiento del Municipio de Puebla ; |
| -- | Fundación Universidad de las Américas, Puebla, |
| Date of production, publication, distribution, manufacture, or copyright notice | 2023 |
| 300 ## - PHYSICAL DESCRIPTION | |
| Extent | 245 páginas : |
| Other physical details | ilustraciones ; |
| Dimensions | 24 cm |
| 336 ## - CONTENT TYPE | |
| Fuente | rdacontent |
| Content type term | texto |
| Content type code | txt |
| 337 ## - MEDIA TYPE | |
| Source | rdamedia |
| Media type term | sin medio |
| Media type code | n |
| 338 ## - CARRIER TYPE | |
| Source | rdacarrier |
| Carrier type term | volumen |
| Carrier type code | nc |
| 650 #7 - SUBJECT ADDED ENTRY--TOPICAL TERM | |
| Source of heading or term | armarc |
| Topical term or geographic name entry element | Industria cinematográfica |
| Geographic subdivision | México |
| General subdivision | Historia |
| 650 #7 - SUBJECT ADDED ENTRY--TOPICAL TERM | |
| Source of heading or term | armarc |
| Topical term or geographic name entry element | Cinematografía |
| Geographic subdivision | México |
| General subdivision | Historia |
| 650 #7 - SUBJECT ADDED ENTRY--TOPICAL TERM | |
| Source of heading or term | armarc |
| Topical term or geographic name entry element | Cine |
| Geographic subdivision | México |
| -- | Puebla de Zaragoza |
| General subdivision | Historia |
| Chronological subdivision | Siglo XX |
| 650 #7 - SUBJECT ADDED ENTRY--TOPICAL TERM | |
| Source of heading or term | armarc |
| Topical term or geographic name entry element | Productores y directores de cine |
| Geographic subdivision | México |
| -- | Puebla de Zaragoza |
| 700 1# - ADDED ENTRY--PERSONAL NAME | |
| Personal name | Cordero Arce, María Teresa, |
| Relator term | autor de prólogo |
| 9 (RLIN) | 17450 |
| 700 1# - ADDED ENTRY--PERSONAL NAME | |
| Personal name | Herrera Morales, María Fernanda, |
| Relator term | autor de introducción |
| 700 1# - ADDED ENTRY--PERSONAL NAME | |
| Personal name | Aviña, Rafael, |
| Relator term | autor |
| 700 1# - ADDED ENTRY--PERSONAL NAME | |
| Personal name | López Portillo V., Silvestre Javier, |
| Relator term | autor |
| 942 ## - ADDED ENTRY ELEMENTS (KOHA) | |
| Source of classification or shelving scheme | Dewey Decimal Classification |
| Koha item type | Libro |
| Classification part | 791.430972 |
| Item part | M53 |
| Withdrawn status | Lost status | Source of classification or shelving scheme | Damaged status | Not for loan | Collection code | Home library | Current library | Shelving location | Date acquired | Source of acquisition | Cost, normal purchase price | Total Checkouts | Full call number | Barcode | Date last seen | Copy number | Cost, replacement price | Price effective from | Koha item type |
|---|---|---|---|---|---|---|---|---|---|---|---|---|---|---|---|---|---|---|---|
| Dewey Decimal Classification | General | Biblioteca Karol Wojtyla | Biblioteca Karol Wojtyla | Sala general | 03/12/2013 | Donación | 0.00 | 791.430972 M53 2023 | 47186 | 05/01/2026 | Ej.2 | 0.00 | 03/12/2013 | Libro | |||||
| Dewey Decimal Classification | Consulta en sala | Puebla | Biblioteca Karol Wojtyla | Biblioteca Karol Wojtyla | Área de silencio | 03/12/2013 | Donación | 0.00 | 791.430972 M53 2023 | 47185 | 05/01/2026 | 0.00 | 03/12/2013 | Libro |